Chicanos; Mexicans in the United States /

Traces the history of Mexican migration into the United States, describes the immigrants' way of life, and outlines their contributions to this country.

Bibliographic Details
Main Author: Martin, Patricia Miles
Other Authors: Frankenberg, Robert, 1911-2001
Format: Book
Language:English
Published: New York : Parents' Magazine Press, [1971]
Series:A Stepping-stone book
Subjects:

MARC

Tag First Indicator Second Indicator Subfields
LEADER 00000cam a22000001 4500
001 in00000244821
005 20151010051105.0
008 760423s1971 nyua j 00000 eng
010 |a  79146494  
020 |a 0819304514 (Library ed.) 
035 |a (OCoLC)02389987 
035 |9 ABB4112AM 
040 |a DLC  |c DLC  |d TXA  |d UtOrBLW 
049 |a TXAM  |c [1022536] 
050 0 0 |a E184.M5  |b M37 
082 0 |a 301.451/68/72073 
100 1 |a Martin, Patricia Miles. 
245 1 0 |a Chicanos; Mexicans in the United States /  |c Illustrated by Robert Frankenberg. 
264 1 |a New York :  |b Parents' Magazine Press,  |c [1971] 
300 |a 64 pages :  |b color illustrations ;  |c 24 cm. 
336 |a text  |b txt  |2 rdacontent 
337 |a unmediated  |b n  |2 rdamedia 
338 |a volume  |b nc  |2 rdacarrier 
490 0 |a A Stepping-stone book 
520 |a Traces the history of Mexican migration into the United States, describes the immigrants' way of life, and outlines their contributions to this country. 
650 0 |a Mexican Americans  |v Juvenile literature. 
650 1 |a Mexican Americans. 
700 1 |a Frankenberg, Robert,  |d 1911-2001. 
999 |a MARS 
999 f f |s 715622d1-e911-3998-b02d-19030217514e  |i a17881bb-c669-3ca5-907c-dcf14b1032f1  |t 0 
952 f f |p ric  |a Texas A&M University  |b Rellis Campus  |c Joint Library Facility  |d Remote Storage  |t 0  |e E184.M5 M37  |h Library of Congress classification  |i unmediated -- volume  |m A14802181689 
998 f f |a E184.M5 M37  |t 0  |l Remote Storage